| 000 | 00542nam a22001817a 4500 | ||
|---|---|---|---|
| 005 | 20251108175146.0 | ||
| 008 | 250721s2013 xx 000 0 ara d | ||
| 082 | 1 | 4 | _a818.07/عقي |
| 100 | 1 | _aالعقيلي، جهاد محمود | |
| 245 | 1 | 0 | _aالحياة و الصداقة في كلمات / |
| 264 | 1 |
_aعمان : _bالمؤلف، _c2013. |
|
| 300 | _a131ص. | ||
| 650 | 1 | 7 | _aالادب العربي |
| 650 | 1 | 7 | _aالخواطر الادبية |
| 653 | _aالمنوعات الادبية | ||
| 942 |
_2ddc _cBK |
||
| 999 |
_c127555 _d127555 |
||